| 000 | 00728nam a22002417a 4500 | ||
|---|---|---|---|
| 001 | 000344 | ||
| 003 | DO-SdBNP | ||
| 005 | 20171113114920.0 | ||
| 007 | 000344 | ||
| 008 | 160704b 2005 nyu xxu||||| |||| 00| 0 spa d | ||
| 020 | _a0814472958 | ||
| 040 |
_aBPMSU _bspa _cBPMSU |
||
| 092 |
_a658.8 _bK87a |
||
| 100 | 1 | _aKotler, Philip | |
| 245 | 1 | 0 |
_aAccording to Kotler : _bthe world's foremost authority on marketing answers your questions. _cPhilip Kotler. |
| 260 |
_aNew York : _bAMACOM, _c2005. |
||
| 300 |
_a168 p. ; _c23 cm. |
||
| 650 | 4 | _aMERCADEO | |
| 910 | _aValidado. Control de calidad MFF | ||
| 942 |
_2ddc _cBK |
||
| 945 | _aInventariado extrajenro / 2017 VM | ||
| 956 |
_2LOPEREZ _310 _620160704 _8BPMSU _a00041 |
||
| 999 |
_c10667 _d10667 |
||